How to write for the world of work / (Record no. 5959)
[ view plain ]
| 000 -LEADER | |
|---|---|
| fixed length control field | 02028cam a2200205 a 4500 |
| 020 ## - INTERNATIONAL STANDARD BOOK NUMBER | |
| ISBN | 0155079034 |
| 050 00 - CALL NUMBER | |
| Classification number | HF5721 |
| Item number | .P42 |
| 100 1# - AUTHOR | |
| Personal name | Pearsall, Thomas E. |
| 245 10 - TITLE | |
| Title | How to write for the world of work / |
| Statement of responsibility, etc | Thomas E. Pearsall, Donald H. Cunningham, Elizabeth O. Smith. |
| 250 ## - EDITION | |
| Edition statement | 6th ed. |
| 260 ## - PUBLICATION INFORMATION | |
| Place of publication | Fort Worth : |
| Name of publisher | Harcourt College Publishers, |
| Year of publication | c2000. |
| 300 ## - DESCRIPTION | |
| Number of Pages | xxv, 655, 14 p. : |
| Other physical details | ill. ; |
| Dimensions | 24 cm. |
| 500 ## - NOTES | |
| General note | includes index |
| 505 ## - FORMATTED CONTENTS NOTE | |
| Table of Content | Unit 1 Basic Principles 1<br/>Chapter 1 The process of workplace writing 2 <br/>Chapter 2 Computers and workplace writing 30<br/>Chapter 3 Persuasion and scientific Argument 56<br/>Chapter 4 Style and tone 75<br/>Chapter 5 Text and document design 101<br/>Chapter 6 Visuals and document design 1 136<br/>Chapter 7 Visuals and document design ii 157<br/>Chapter 8 Principles of workplace correspondence 196<br/>Chapter 9 Workplace correspondence 222<br/>Chapter 10 Resumes, employment letters, and application forms 251<br/>Chapter 11 Portfolios and interviews 294<br/>Chapter 12 Oral presentations 308<br/>Chapter 13 Principles of workplace reports 342<br/>Chapter 14 Recommendation Reports 376<br/>Chapter 15 Proposals<br/>Chapter 16 Mechanism description 425<br/>Chapter 17 Process Description 464<br/>Chapter 18 Instructions 486<br/>Chapter 19 Research strategies 532<br/>Chapter 20 Research sites and sources-library and internet research 532<br/>Chapter 21 Research sites and sources- field research 571<br/>Chapter 22 Documenting sources 591<br/>Writers guide 614<br/>index 1-1 <br/>Chapter 3 |
| 650 #0 - SUBJECTS | |
| Topical Term | Commercial correspondence. |
| 650 #0 - SUBJECTS | |
| Topical Term | Business writing. |
| 700 1# - OTHER AUTHORS | |
| Personal name | Cunningham, Donald H. |
| 700 1# - OTHER AUTHORS | |
| Personal name | Smith, Elizabeth O. |
| 942 ## - ADDED ENTRY ELEMENTS (KOHA) | |
| Koha item type | Books |
| Withdrawn status | Lost status | Collection code | Home library | Current library | Shelving location | Date acquired | Full call number | Accession Number | Koha item type |
|---|---|---|---|---|---|---|---|---|---|
| Reference | Methodist University Library Main | Methodist University Library Main | General Stacks | 22/02/2013 | HF5721 .P42 | 36777 | Books |